[Event "BL 8687 HSK-Enger"]
[Site "?"]
[Date "1986.??.??"]
[Round "?.3"]
[White "Pieper Emden, C."]
[Black "Stein, B."]
[Result "1/2-1/2"]
[WhiteElo "2335"]
[BlackElo "2405"]
[PlyCount "63"]
[EventDate "1986.??.??"]

1. c4 c5 2. g3 Nf6 3. Bg2 d5 4. cxd5 Nxd5 5. Qb3 e6 6. Nc3 Nb4 7. a3 N4c6 8.
Nf3 Be7 9. d3 O-O 10. O-O b6 11. Qa4 Bb7 12. Rd1 a6 13. Qg4 Nd7 14. Bh6 Bf6 15.
Ne4 Kh8 16. Bg5 Bxg5 17. Nfxg5 Qe7 18. Qh3 h6 19. Nf3 Rfd8 20. Rac1 Nf6 21. Qh4
Nxe4 22. Qxe4 Nd4 23. Qe3 a5 24. Nxd4 Rxd4 25. Rc2 Rad8 26. Rdc1 Bxg2 27. Kxg2
e5 28. Rc4 f5 29. Rxd4 Rxd4 30. Rc4 Qb7+ 31. f3 Qd5 32. h4 1/2-1/2

[Event "BL 8687 HSK-Enger"]
[Site "?"]
[Date "1986.??.??"]
[Round "?.4"]
[White "Wahls, M."]
[Black "Eising, J."]
[Result "1/2-1/2"]
[WhiteElo "2460"]
[BlackElo "2355"]
[PlyCount "102"]
[EventDate "1986.??.??"]

1. e4 g6 2. d4 Bg7 3. Nc3 c6 4. Nf3 d5 5. h3 dxe4 6. Nxe4 Nf6 7. Nxf6+ exf6 8.
Be2 O-O 9. O-O Re8 10. c4 Nd7 11. Re1 f5 12. Bf4 Nf8 13. Be5 f6 14. Bh2 g5 15.
d5 f4 16. dxc6 bxc6 17. Qxd8 Rxd8 18. Rad1 Rxd1 19. Rxd1 c5 20. Rd8 Bb7 21.
Rxa8 Bxa8 22. g3 Ne6 23. gxf4 Nxf4 24. Bxf4 gxf4 25. Nd2 f5 26. Nb3 Bxb2 27.
Nxc5 Be4 28. Bd3 Bd4 29. Nxe4 fxe4 30. Bxe4 h6 31. Kg2 Kf7 32. Kf3 Ke6 33. Kg4
Bxf2 34. Kh5 Ke5 35. Bd5 f3 36. Kxh6 Kf4 37. Kg6 Kg3 38. Kf5 Be1 39. c5 f2 40.
Bc4 Kxh3 41. c6 Ba5 42. Ke6 Kg2 43. Kd7 f1=Q 44. Bxf1+ Kxf1 45. c7 Bxc7 46.
Kxc7 Ke2 47. a4 Kd3 48. a5 Kc4 49. Kb7 Kc5 50. Kxa7 Kc6 51. a6 Kc7 1/2-1/2

[Event "BL 8687 HSK-Enger"]
[Site "?"]
[Date "1986.??.??"]
[Round "?.5"]
[White "Groenegress, W."]
[Black "Schulte, O."]
[Result "1/2-1/2"]
[WhiteElo "2215"]
[BlackElo "2325"]
[PlyCount "118"]
[EventDate "1986.??.??"]

1. e4 c5 2. b3 d6 3. Bb2 Nf6 4. Bb5+ Nbd7 5. Bxf6 exf6 6. Nc3 g6 7. Nge2 Bg7 8.
O-O O-O 9. f4 Nb6 10. Bd3 d5 11. exd5 Nxd5 12. Nxd5 Qxd5 13. f5 Bd7 14. Nc3 Qd6
15. Kh1 Rae8 16. Qf3 Bc6 17. Qf2 Re5 18. Rae1 Rfe8 19. Rxe5 Qxe5 20. Bc4 Bd7
21. Bd3 gxf5 22. Ne2 Bh6 23. Ng3 f4 24. Ne2 Bf5 25. Bxf5 Qxf5 26. d3 Qe5 27.
Ng1 Qe3 28. Nf3 Bg5 29. Kg1 Re6 30. Re1 Qxf2+ 31. Kxf2 Kg7 32. Re2 Kg6 33. a4
b6 34. Nd2 f5 35. Nc4 Bf6 36. Kf3 Kg5 37. Rxe6 fxe6 38. Nd6 Be5 39. Nc8 Bb8 40.
Ne7 Bc7 41. Nc6 a6 42. b4 cxb4 43. Nxb4 a5 44. Nc6 e5 45. Ne7 Bd6 46. Nd5 Bc5
47. Nc3 Bg1 48. h3 Bc5 49. Nb5 h6 50. c3 Be3 51. d4 Kf6 52. Ke2 Ke6 53. dxe5
Kxe5 54. Kd3 Bc5 55. Nd4 f3 56. Nxf3+ Kf4 57. Nd4 h5 58. Ne2+ Ke5 59. Nd4 Kf4
1/2-1/2

[Event "BL 8687 HSG-Porz"]
[Site "?"]
[Date "1986.??.??"]
[Round "?.2"]
[White "Rostalski, W."]
[Black "Heinbuch, D."]
[Result "1/2-1/2"]
[WhiteElo "2265"]
[BlackElo "2425"]
[PlyCount "42"]
[EventDate "1986.??.??"]

1. e4 c5 2. Nf3 Nc6 3. Bb5 g6 4. O-O Bg7 5. c3 Nf6 6. Re1 O-O 7. d4 cxd4 8.
cxd4 d5 9. e5 Ne4 10. Nc3 Nxc3 11. bxc3 Qa5 12. Qb3 Bg4 13. Ba3 Rfb8 14. Rab1
Qd8 15. Nd2 Bh6 16. Nf1 Na5 17. Qb4 Bf5 18. Ra1 a6 19. Be2 Nc6 20. Qb2 b5 21.
Ne3 Bc8 1/2-1/2

[Event "BL 8687 HSG-Porz"]
[Site "?"]
[Date "1986.??.??"]
[Round "?.3"]
[White "Schulz, KJ."]
[Black "Breyther, R."]
[Result "0-1"]
[WhiteElo "2440"]
[BlackElo "2335"]
[PlyCount "54"]
[EventDate "1986.??.??"]

1. Nf3 Nf6 2. g3 d5 3. Bg2 c6 4. O-O Bg4 5. Ne5 Bh5 6. d4 e6 7. c4 Be7 8. Nc3
O-O 9. h3 Nfd7 10. Nd3 g5 11. cxd5 cxd5 12. g4 Bg6 13. f4 Nc6 14. e3 h6 15. f5
Bh7 16. b3 Rc8 17. Bb2 a6 18. Qd2 Nf6 19. Rad1 Bd6 20. Nc5 Bb8 21. Bh1 exf5 22.
gxf5 Re8 23. Rde1 b6 24. Nd3 Qd6 25. Qg2 Kh8 26. Ne5 Nxe5 27. dxe5 Rxe5 0-1

[Event "BL 8687 HSG-Porz"]
[Site "?"]
[Date "1986.??.??"]
[Round "?.4"]
[White "Dankert, P."]
[Black "Dresen, U."]
[Result "1/2-1/2"]
[WhiteElo "2285"]
[BlackElo "2360"]
[PlyCount "108"]
[EventDate "1986.??.??"]

1. d4 g6 2. c4 Bg7 3. Nc3 d6 4. e4 e5 5. d5 a5 6. Nf3 Na6 7. Be2 Nf6 8. Bg5 h6
9. Bh4 g5 10. Bg3 Nh5 11. O-O Nf4 12. Nd2 Nc5 13. Nb3 Nxe2+ 14. Qxe2 Nd7 15.
Rac1 b6 16. Na1 h5 17. f3 Nf8 18. Nc2 Ng6 19. Ne3 Nf4 20. Qc2 Bh6 21. Nf5 Kf8
22. a3 Bxf5 23. exf5 g4 24. Rce1 Rg8 25. Ne4 h4 26. Bxf4 Bxf4 27. fxg4 Rxg4 28.
Qe2 Rg5 29. f6 Rg6 30. Rxf4 exf4 31. Qh5 Kg8 32. Qxh4 Qf8 33. Rf1 Qh6 34. Qxh6
Rxh6 35. Rxf4 Rh5 36. Rg4+ Kf8 37. h4 Re8 38. Kf2 b5 39. Ng5 Re5 40. cxb5 Rxd5
41. Rc4 Rf5+ 42. Kg3 Rxf6 43. Rxc7 d5 44. Rd7 Ke8 45. Rxd5 Rg6 46. Kg4 Rhh6 47.
Re5+ Kd7 48. h5 Rg8 49. Kh4 f6 50. Rd5+ Ke7 51. Nh3 Rxg2 52. b6 Rxb2 53. Rxa5
Rxb6 54. Ra7+ Kd6 1/2-1/2

[Event "BL 8687 HSG-Porz"]
[Site "?"]
[Date "1986.??.??"]
[Round "?.5"]
[White "Gerusel, M."]
[Black "Kunsztowicz, U."]
[Result "1/2-1/2"]
[WhiteElo "2390"]
[BlackElo "2325"]
[PlyCount "43"]
[EventDate "1986.??.??"]

1. d4 c5 2. d5 g6 3. e4 Bg7 4. Nf3 d6 5. Nc3 Nf6 6. Be2 O-O 7. O-O Na6 8. Nd2
Nc7 9. a4 b6 10. Nc4 Bb7 11. Bg5 Qd7 12. Qd2 Rfd8 13. Rfd1 Rab8 14. f4 Ba8 15.
Bf3 a6 16. Ne3 b5 17. axb5 axb5 18. e5 b4 19. exf6 exf6 20. Bh4 bxc3 21. bxc3
h5 22. h3 1/2-1/2

[Event "BL 8687 HSG-Porz"]
[Site "?"]
[Date "1986.??.??"]
[Round "?.7"]
[White "Garcia Palermo, C."]
[Black "Muender, M."]
[Result "1-0"]
[WhiteElo "2515"]
[BlackElo "2280"]
[PlyCount "81"]
[EventDate "1986.??.??"]

1. d4 Nf6 2. c4 c5 3. e3 g6 4. dxc5 Na6 5. Nc3 Bg7 6. Nf3 Nxc5 7. Be2 O-O 8.
O-O d6 9. Nd4 Ne6 10. Nc2 Bd7 11. Bd2 Nc5 12. f3 Rc8 13. Rb1 a5 14. b3 b6 15.
Be1 Bc6 16. Nd4 Bb7 17. e4 Nh5 18. Rf2 Nf4 19. Bf1 Ncd3 20. Ndb5 Nxf2 21. Bxf2
Qd7 22. a3 Qd8 23. Bh4 Ne6 24. Nd5 Re8 25. Qd2 Bxd5 26. cxd5 Nc7 27. Na7 Ra8
28. Nc6 Qd7 29. a4 e6 30. Bf2 exd5 31. exd5 Rac8 32. Rc1 Qf5 33. Na7 Be5 34. g3
Na8 35. Nxc8 Rxc8 36. Rxc8+ Qxc8 37. Bb5 Nc7 38. Qc2 Qb7 39. Qc6 Qxc6 40. dxc6
d5 41. Bxb6 1-0

[Event "BL 8687 Enger-HSG"]
[Site "?"]
[Date "1986.??.??"]
[Round "?.1"]
[White "Heyken, E."]
[Black "Gruen, G."]
[Result "1/2-1/2"]
[WhiteElo "2355"]
[BlackElo "2410"]
[PlyCount "90"]
[EventDate "1986.??.??"]

1. d4 Nf6 2. c4 e6 3. Nf3 b6 4. g3 Ba6 5. Qb3 Nc6 6. Nbd2 Na5 7. Qa4 c5 8. Bg2
Bb7 9. O-O Be7 10. a3 cxd4 11. b4 Nc6 12. Bb2 Qc7 13. Nxd4 Nxd4 14. Bxd4 Bxg2
15. Kxg2 O-O 16. Rac1 Rfd8 17. Qb3 Rac8 18. Rfd1 Qb7+ 19. Qf3 d5 20. Bb2 a5 21.
b5 Ne4 22. h4 f5 23. Nxe4 dxe4 24. Qb3 Bc5 25. Rxd8+ Rxd8 26. Rd1 Rd7 27. e3
Rd3 28. Rxd3 exd3+ 29. f3 Qd7 30. Bd4 d2 31. Qd1 Bxa3 32. Qxd2 e5 33. Qa2 exd4
34. c5+ Kh8 35. Qxa3 dxe3 36. Qxe3 bxc5 37. Qxc5 h6 38. b6 Qd2+ 39. Kh3 Qd3 40.
b7 Qf1+ 41. Kh2 Qe2+ 42. Kg1 Qe1+ 43. Kg2 Qe2+ 44. Qf2 Qb5 45. Qa7 Qe2+ 1/2-1/2

[Event "BL 8687 Enger-HSG"]
[Site "?"]
[Date "1986.??.??"]
[Round "?.2"]
[White "Fleck, J."]
[Black "Rostalski, W."]
[Result "1-0"]
[WhiteElo "2390"]
[BlackElo "2265"]
[PlyCount "123"]
[EventDate "1986.??.??"]

1. e4 d6 2. d4 Nf6 3. Nc3 g6 4. Nf3 Bg7 5. Be2 O-O 6. O-O Bg4 7. Bg5 Nc6 8. h3
Bxf3 9. Bxf3 Nd7 10. Ne2 f6 11. Be3 e5 12. g3 exd4 13. Nxd4 Nxd4 14. Bxd4 Nc5
15. Bg2 Re8 16. Re1 Kh8 17. Qd2 Qe7 18. Rad1 Qf7 19. b3 Ne6 20. Be3 Nc5 21.
Bxc5 dxc5 22. Qd5 Qxd5 23. Rxd5 Bf8 24. e5 fxe5 25. Rd7 Bd6 26. Bxb7 Rad8 27.
Rxd8 Rxd8 28. Rd1 Rb8 29. Bd5 Rb4 30. Bc4 Kg7 31. Kg2 Rb8 32. Rd3 Rf8 33. Rf3
Rxf3 34. Kxf3 c6 35. Bd3 Kf6 36. Be4 Bc7 37. Bxc6 h6 38. Ke4 Ke6 39. Bd5+ Kf6
40. Bc4 Ba5 41. Kd5 Be1 42. f4 Bxg3 43. fxe5+ Bxe5 44. Kc6 a5 45. Kxc5 h5 46.
Kb5 Bc3 47. a3 g5 48. Be2 h4 49. b4 axb4 50. axb4 Ke7 51. Kc4 Be1 52. Kb3 Kd6
53. c4 Bf2 54. Bf3 Kc7 55. c5 Be3 56. Kc4 Bf2 57. b5 Be3 58. b6+ Kb8 59. Kb5
Bf2 60. c6 Bg3 61. Bg4 Bf4 62. Kc4 1-0

[Event "BL 8687 Enger-HSG"]
[Site "?"]
[Date "1986.??.??"]
[Round "?.3"]
[White "Breyther, R."]
[Black "Pieper Emden, C."]
[Result "1-0"]
[WhiteElo "2335"]
[BlackElo "2335"]
[PlyCount "117"]
[EventDate "1986.??.??"]

1. e4 c5 2. Nf3 d6 3. d4 cxd4 4. Nxd4 Nf6 5. Nc3 e6 6. Be2 a6 7. O-O Qc7 8. a4
b6 9. f4 Nbd7 10. Bf3 Bb7 11. Kh1 Be7 12. Qe2 O-O 13. e5 Ne8 14. Be3 Rc8 15.
Rad1 Bxf3 16. Nxf3 Qc4 17. Qf2 b5 18. axb5 axb5 19. Rd4 Qc6 20. Rfd1 d5 21.
R4d2 b4 22. Ne2 g6 23. Ned4 Qa6 24. Nb3 Ng7 25. Ra1 Qc4 26. Ra7 Rfd8 27. g4 Ra8
28. Rxa8 Rxa8 29. Rd1 Ra2 30. Bd4 Ra8 31. Rg1 Rc8 32. Ra1 Qc6 33. Qe2 h5 34. h3
Qc4 35. Qd3 Kf8 36. Ra7 Qxd3 37. cxd3 hxg4 38. hxg4 Nc5 39. Nxc5 Bxc5 40. Bxc5+
Rxc5 41. Ng5 Rc1+ 42. Kg2 Rc2+ 43. Kf3 Rxb2 44. Rxf7+ Kg8 45. Rb7 Kf8 46. Nh7+
Kg8 47. Nf6+ Kf8 48. Ke3 Rb1 49. Kd4 Rf1 50. Rxb4 Rxf4+ 51. Kc5 Rf1 52. Kd6 Ra1
53. Rb8+ Kf7 54. Rb7+ Kf8 55. Nh7+ Kg8 56. Ng5 Ra8 57. Kc7 Kf8 58. Kd7 Re8 59.
Nh7+ 1-0

[Event "BL 8687 Enger-HSG"]
[Site "?"]
[Date "1986.??.??"]
[Round "?.5"]
[White "Kunsztowicz, U."]
[Black "Eising, J."]
[Result "1/2-1/2"]
[WhiteElo "2325"]
[BlackElo "2355"]
[PlyCount "65"]
[EventDate "1986.??.??"]

1. g3 c5 2. c4 g6 3. Bg2 Bg7 4. Nc3 Nc6 5. a3 e6 6. Rb1 a5 7. e4 Nge7 8. Nge2
d6 9. d3 h6 10. Nb5 O-O 11. Be3 b6 12. O-O Bb7 13. d4 e5 14. dxc5 dxc5 15. Nec3
Nd4 16. b4 axb4 17. axb4 f5 18. bxc5 bxc5 19. Nxd4 exd4 20. Rxb7 dxe3 21. Qxd8
Raxd8 22. fxe3 Bxc3 23. Rxe7 Rde8 24. Rxe8 Rxe8 25. exf5 Rxe3 26. f6 Re1 27.
Rxe1 Bxe1 28. Bd5+ Kf8 29. Kg2 h5 30. Kf3 h4 31. g4 g5 32. Ke4 Bd2 33. h3
1/2-1/2

[Event "BL 8687 Porz-HSK"]
[Site "?"]
[Date "1986.??.??"]
[Round "?.2"]
[White "Hort, V."]
[Black "Chandler, M."]
[Result "1-0"]
[WhiteElo "2545"]
[BlackElo "2565"]
[PlyCount "84"]
[EventDate "1986.??.??"]

1. d4 Nf6 2. c4 e6 3. Nf3 b6 4. g3 Ba6 5. b3 Bb7 6. Bg2 Bb4+ 7. Bd2 a5 8. O-O
O-O 9. Qc2 d5 10. cxd5 exd5 11. Bf4 Na6 12. Rd1 Qe7 13. Qb2 Ne4 14. a3 Bd6 15.
Bxd6 Qxd6 16. Nc3 Rfe8 17. Rac1 Rad8 18. e3 Qe7 19. Bf1 c5 20. Bb5 Rf8 21. Ne5
Nc7 22. Bc6 cxd4 23. exd4 Ne6 24. Nxe4 dxe4 25. d5 Ng5 26. Bxb7 Qxb7 27. h4
Nf3+ 28. Nxf3 exf3 29. Qe5 Rfe8 30. Qf5 g6 31. Qxf3 Re5 32. Rc6 Rf5 33. Qc3 b5
34. Qc5 b4 35. a4 Re8 36. Rc7 Qa6 37. Qb5 Qa8 38. Kg2 Qd8 39. Qc4 Qf6 40. Rd2
Kg7 41. d6 Rd8 42. d7 Re5 1-0

[Event "BL 8687 Porz-HSK"]
[Site "?"]
[Date "1986.??.??"]
[Round "?.3"]
[White "Stein, B."]
[Black "Heinbuch, D."]
[Result "1-0"]
[WhiteElo "2405"]
[BlackElo "2425"]
[PlyCount "91"]
[EventDate "1986.??.??"]

1. e4 c5 2. c3 g6 3. d4 cxd4 4. cxd4 d5 5. exd5 Nf6 6. Nc3 Nxd5 7. Qb3 Nb6 8.
Bb5+ Bd7 9. Nf3 Bg7 10. Ne5 O-O 11. Nxd7 N8xd7 12. O-O Nf6 13. Rd1 Nc8 14. Be2
Nd6 15. Bf3 Rc8 16. Bf4 b6 17. Be5 Qd7 18. Re1 Rfe8 19. Rad1 h5 20. h3 Rcd8 21.
Be2 Qb7 22. Bd3 e6 23. Qa3 Nf5 24. Nb5 Qe7 25. Qa4 Nd5 26. Bxf5 gxf5 27. Nd6
Bxe5 28. dxe5 Rf8 29. Qb3 Qg5 30. Rd4 Nf4 31. Qf3 Ng6 32. g3 Rd7 33. h4 Qe7 34.
Qxh5 Kg7 35. Qd1 Rc7 36. h5 Nh8 37. Qd2 Rg8 38. Rc1 Rxc1+ 39. Qxc1 Kh7 40. Kh2
Qf8 41. Qc2 Rg5 42. Rh4 Qa8 43. Qd2 Qf3 44. Ne8 Kh6 45. Nf6 Qb7 46. Qd8 1-0

[Event "BL 8687 Porz-HSK"]
[Site "?"]
[Date "1986.??.??"]
[Round "?.4"]
[White "Schulz, KJ."]
[Black "Wahls, M."]
[Result "0-1"]
[WhiteElo "2440"]
[BlackElo "2460"]
[PlyCount "45"]
[EventDate "1986.??.??"]

1. Nf3 Nf6 2. d4 c5 3. e3 g6 4. Be2 Bg7 5. O-O O-O 6. c4 d6 7. Nc3 Nbd7 8. b3
a6 9. Bb2 Qc7 10. Rc1 b6 11. Rc2 Bb7 12. Qa1 cxd4 13. Nxd4 e6 14. Rd2 Rac8 15.
Rfd1 Rfd8 16. Bf3 Ne8 17. Bxb7 Qxb7 18. Nde2 b5 19. cxb5 axb5 20. Ng3 Nc5 21.
Nce2 Bf8 22. Nf4 Ra8 23. Nd3 0-1

[Event "BL 8687 Porz-HSK"]
[Site "?"]
[Date "1986.??.??"]
[Round "?.5"]
[White "Schulte, O."]
[Black "Dresen, U."]
[Result "0-1"]
[WhiteElo "2325"]
[BlackElo "2360"]
[PlyCount "84"]
[EventDate "1986.??.??"]

1. d4 g6 2. c4 Bg7 3. Nc3 d6 4. e4 e5 5. d5 a5 6. g4 Bh6 7. h4 Bxc1 8. Rxc1 Na6
9. f3 h5 10. g5 f6 11. Qd2 fxg5 12. hxg5 Ne7 13. Kd1 Nc5 14. Kc2 Bd7 15. Kb1
Nc8 16. Re1 Rf8 17. Be2 Rf4 18. Bf1 Nb6 19. Nce2 Rf7 20. Nc1 a4 21. Rh2 Qb8 22.
Qc3 Qd8 23. Qe3 Qe7 24. Rf2 O-O-O 25. b4 axb3 26. axb3 Rdf8 27. Bd3 h4 28. b4
Nxd3 29. Nxd3 Nxc4 30. Qa7 Bb5 31. Nb2 Nxb2 32. Kxb2 c6 33. Ne2 Rxf3 34. Rxf3
Rxf3 35. Nc3 Qxg5 36. Rc1 Bc4 37. dxc6 bxc6 38. Qa8+ Kc7 39. b5 Rf2+ 40. Rc2
Rxc2+ 41. Kxc2 Qg2+ 42. Kc1 Qg1+ {...ZÜ/47/} 0-1

[Event "BL 8687 Porz-HSK"]
[Site "?"]
[Date "1986.??.??"]
[Round "?.6"]
[White "Gerusel, M."]
[Black "Wegner, H."]
[Result "1/2-1/2"]
[WhiteElo "2390"]
[BlackElo "2300"]
[PlyCount "102"]
[EventDate "1986.??.??"]

1. d4 Nf6 2. c4 c5 3. d5 b5 4. a4 bxc4 5. Nc3 d6 6. e4 g6 7. Bxc4 Bg7 8. Nf3
O-O 9. O-O Ba6 10. Nd2 Nfd7 11. Qe2 Bxc4 12. Nxc4 Nb6 13. Bd2 Nxc4 14. Qxc4 Nd7
15. Nd1 Rb8 16. Rb1 Qb6 17. b4 cxb4 18. Rxb4 Qc5 19. Qxc5 Nxc5 20. Rc4 Nb3 21.
Bg5 f6 22. Be3 Rfc8 23. Rxc8+ Rxc8 24. Bxa7 Ra8 25. Be3 Rxa4 26. f3 f5 27. Nf2
fxe4 28. fxe4 Nd4 29. Bg5 Ne2+ 30. Kh1 Kf7 31. g3 Nc3 32. Bd2 Ke8 33. Re1 Ra2
34. Be3 Be5 35. Kg1 h5 36. Kf1 h4 37. Bf4 hxg3 38. hxg3 Bd4 39. Be3 Bf6 40. Ng4
Bg7 41. Bf4 Ra4 42. e5 dxe5 43. Bxe5 Bxe5 44. Nxe5 Nxd5 45. Nxg6 Rg4 46. Ne5
Rxg3 47. Kf2 Ra3 48. Rb1 e6 49. Rb7 Kf8 50. Ng6+ Ke8 51. Ne5 Rc3 1/2-1/2

[Event "BL 8687 Porz-HSK"]
[Site "?"]
[Date "1986.??.??"]
[Round "?.7"]
[White "Reefschlaeger, H."]
[Black "Schmidt, B."]
[Result "1/2-1/2"]
[WhiteElo "2375"]
[BlackElo "2340"]
[PlyCount "98"]
[EventDate "1986.??.??"]

1. d4 Nf6 2. g3 g6 3. c4 Bg7 4. Bg2 O-O 5. Nf3 d6 6. O-O c6 7. h3 Nbd7 8. Qc2
e5 9. dxe5 dxe5 10. e4 Qc7 11. Be3 b6 12. Nc3 Re8 13. b4 Bf8 14. a3 Bb7 15. Nh2
Nh5 16. Ng4 Ndf6 17. Nxf6+ Nxf6 18. Rac1 Bg7 19. c5 b5 20. a4 a6 21. Ra1 Rab8
22. axb5 axb5 23. Ra7 Ra8 24. Rfa1 Rxa7 25. Rxa7 Ra8 26. Rxa8+ Bxa8 27. Qa2 Bb7
28. Bf1 Bc8 29. Qa8 Bf8 30. f3 Bd7 31. Bg5 Ne8 32. h4 Qc8 33. Qxc8 Bxc8 34. Bd2
Nc7 35. Bd3 Be7 36. Kf2 Ne6 37. Ne2 Nc7 38. Bc3 f6 39. f4 exf4 40. Nxf4 g5 41.
Ng2 Kf7 42. Ne3 gxh4 43. gxh4 f5 44. exf5 Bxh4+ 45. Kf3 Bg5 46. Ng4 Nd5 47.
Ne5+ Ke8 48. Be1 Ne7 49. Be4 Bd7 1/2-1/2

[Event "BL 8687 Porz-HSK"]
[Site "?"]
[Date "1986.??.??"]
[Round "?.8"]
[White "Garcia Palermo, C."]
[Black "Gruenberg, Ra"]
[Result "1/2-1/2"]
[WhiteElo "2515"]
[BlackElo "2255"]
[PlyCount "71"]
[EventDate "1986.??.??"]

1. d4 Nf6 2. c4 g6 3. Nf3 Bg7 4. g3 O-O 5. Bg2 d5 6. cxd5 Nxd5 7. O-O Nb6 8.
Nc3 Nc6 9. e3 e5 10. d5 Ne7 11. e4 Bg4 12. h3 Bxf3 13. Qxf3 c6 14. Rd1 cxd5 15.
exd5 Nf5 16. Qd3 Nc8 17. h4 Ncd6 18. Nb5 Re8 19. Nxd6 Qxd6 20. Be4 Nd4 21. Be3
Rad8 22. Bxd4 exd4 23. Rac1 Rc8 24. Bf3 Qb4 25. Rc2 Rxc2 26. Qxc2 Re1+ 27. Rxe1
Qxe1+ 28. Kg2 Qb4 29. a3 Qb6 30. Qc8+ Bf8 31. b4 Kg7 32. h5 Bd6 33. Qc4 Be5 34.
a4 Bd6 35. b5 Qc5 36. Qxc5 1/2-1/2

[Event "BL 8687 Karlsruhe-Solingen"]
[Site "?"]
[Date "1986.??.??"]
[Round "?.2"]
[White "Arnold, L."]
[Black "Short, N."]
[Result "0-1"]
[WhiteElo "2305"]
[BlackElo "2615"]
[PlyCount "68"]
[EventDate "1986.??.??"]

1. e4 e6 2. d4 d5 3. Nd2 Nf6 4. e5 Nfd7 5. Bd3 c5 6. c3 b6 7. Ne2 Ba6 8. Nf3
Bxd3 9. Qxd3 Nc6 10. O-O Be7 11. Bd2 a6 12. Nf4 b5 13. Rfe1 c4 14. Qe3 Nb6 15.
Re2 Kd7 16. b3 h6 17. Ne1 Qg8 18. Qf3 g5 19. Nh5 Qg6 20. g4 Rhf8 21. Qe3 a5 22.
Bc1 cxb3 23. axb3 a4 24. b4 Nc4 25. Qg3 f6 26. exf6 Bxf6 27. Nxf6+ Rxf6 28. Nd3
Raf8 29. f4 Kc8 30. Raa2 R6f7 31. Rf2 Nd6 32. Rf3 gxf4 33. Bxf4 Ne4 34. Qg2 Ng5
0-1

[Event "BL 8687 Karlsruhe-Solingen"]
[Site "?"]
[Date "1986.??.??"]
[Round "?.3"]
[White "Spassky, B."]
[Black "Werner, C."]
[Result "1/2-1/2"]
[WhiteElo "2620"]
[BlackElo "2225"]
[PlyCount "141"]
[EventDate "1986.??.??"]

1. d4 Nf6 2. Nf3 g6 3. Bg5 Bg7 4. Nbd2 d6 5. e4 h6 6. Bf4 e5 7. dxe5 Nh5 8. Be3
dxe5 9. Bc4 O-O 10. g3 Nd7 11. Nh4 Qf6 12. Ng2 Qe7 13. O-O Nc5 14. Qe2 Bh3 15.
c3 Nf6 16. f3 Rfd8 17. Rfd1 Bf8 18. Nb3 Nxb3 19. Rxd8 Rxd8 20. axb3 a6 21. b4
Qe8 22. Ne1 Be6 23. Nc2 Bxc4 24. Qxc4 c6 25. Re1 Qd7 26. Na1 Qh3 27. Nb3 Nh5
28. Bf2 Ng7 29. Qe2 Qd7 30. Bb6 Re8 31. Rd1 Qc8 32. Qd2 Ne6 33. Nc5 Bxc5+ 34.
bxc5 Ng5 35. Qe2 Qh3 36. Bd8 Kg7 37. Bc7 h5 38. Qg2 Qc8 39. Bb6 Qe6 40. h4 Nh7
41. Rd6 Qb3 42. Qd2 Nf8 43. Kg2 Qc4 44. Kf2 Qb3 45. Qe2 Qb5 46. b4 Qxe2+ 47.
Kxe2 Re7 48. Bd8 Re6 49. Rd1 f6 50. Ke3 Kf7 51. g4 Ke8 52. Bc7 Re7 53. Bd6 Rd7
54. f4 exf4+ 55. Kxf4 Ne6+ 56. Kg3 Ng7 57. Rf1 Rf7 58. gxh5 Nxh5+ 59. Kf3 Kd7
60. Rg1 Rg7 61. Bf8 Rg8 62. Rd1+ Ke6 63. Rd6+ Kf7 64. Bh6 Re8 65. c4 Re7 66.
Bd2 Ng7 67. Bc3 Re6 68. Rd1 Re7 69. Rd6 Re6 70. Rd3 Re7 71. Bd2 1/2-1/2

[Event "BL 8687 Sindelfingen-Bochum"]
[Site "?"]
[Date "1986.??.??"]
[Round "?.2"]
[White "Eppinger, G."]
[Black "Thesing, M."]
[Result "0-1"]
[WhiteElo "2335"]
[BlackElo "2290"]
[PlyCount "74"]
[EventDate "1986.??.??"]

1. e4 c5 2. Nf3 e6 3. c3 Nf6 4. e5 Nd5 5. d4 cxd4 6. cxd4 b6 7. Nc3 Nxc3 8.
bxc3 Qc7 9. Qc2 Bb7 10. Bd3 d6 11. Bf4 Nd7 12. exd6 Bxd6 13. Bxd6 Qxd6 14. Be4
Bxe4 15. Qxe4 Rc8 16. Qb7 O-O 17. O-O Rc7 18. Qa6 h6 19. h3 Nb8 20. Qa4 Qc6 21.
Qd1 Rfc8 22. Rc1 Qd6 23. Qa4 Nc6 24. Rfd1 Na5 25. Nd2 Qd7 26. Qb4 Qd5 27. a3
Nc4 28. Nf1 Qd6 29. Rd3 Rc6 30. Ne3 Nxa3 31. Qxd6 Rxd6 32. c4 Nb5 33. d5 exd5
34. Nxd5 Kf8 35. Rb3 Rxd5 36. Rcb1 Rxc4 37. Rxb5 Rxb5 0-1

[Event "BL 8687 Sindelfingen-Bochum"]
[Site "?"]
[Date "1986.??.??"]
[Round "?.3"]
[White "Sonntag, H."]
[Black "Kabisch, T."]
[Result "1-0"]
[WhiteElo "2295"]
[BlackElo "2270"]
[PlyCount "109"]
[EventDate "1986.??.??"]

1. d4 Nf6 2. c4 g6 3. Nc3 Bg7 4. e4 d6 5. f3 O-O 6. Be3 e5 7. Nge2 Nc6 8. d5
Na5 9. Nc1 c5 10. a3 b6 11. b4 Nb7 12. Be2 Nh5 13. Qd2 Nf4 14. Bf1 f5 15. Nd3
Bd7 16. Rc1 g5 17. exf5 Bxf5 18. Nf2 cxb4 19. axb4 a5 20. b5 h6 21. g3 Ng6 22.
Be2 Rc8 23. Nce4 Bxe4 24. fxe4 Nc5 25. Bxc5 Rxc5 26. O-O Rc7 27. Qe3 Re7 28.
Bg4 Rf6 29. Bf5 Nf8 30. Qe2 Nh7 31. Ng4 Rf8 32. Ne3 Qc7 33. Bxh7+ Kxh7 34. Rxf8
Bxf8 35. Rf1 Rf7 36. Rxf7+ Qxf7 37. Qf1 Qxf1+ 38. Kxf1 Be7 39. Ke2 Kg6 40. c5
dxc5 41. Nc4 Bd8 42. Nxe5+ Kf6 43. Nc4 Bc7 44. Kf3 a4 45. Ke3 h5 46. Kd3 g4 47.
d6 Bd8 48. Kc3 Ke6 49. Kb2 h4 50. Ka3 h3 51. e5 Bg5 52. Nxb6 Kxe5 53. Nc4+ Kd5
54. Kxa4 Bf4 55. gxf4 1-0

[Event "BL 8687 Sindelfingen-Bochum"]
[Site "?"]
[Date "1986.??.??"]
[Round "?.4"]
[White "Bialas, W."]
[Black "Beckemeyer, W."]
[Result "1/2-1/2"]
[WhiteElo "2345"]
[BlackElo "2315"]
[PlyCount "52"]
[EventDate "1986.??.??"]

1. Nf3 Nf6 2. g3 g6 3. Bg2 Bg7 4. d4 O-O 5. O-O c6 6. c4 d5 7. Nbd2 Ne4 8. cxd5
Nxd2 9. Bxd2 cxd5 10. Bf4 Nc6 11. Ne5 Nxe5 12. Bxe5 Be6 13. Bxg7 Kxg7 14. e4
dxe4 15. Bxe4 Bd5 16. Qf3 Bxe4 17. Qxe4 Qd7 18. d5 Rfd8 19. Rad1 Qd6 20. Rfe1
Rd7 21. Re2 a6 22. Qd4+ Kg8 23. f4 h5 24. Re5 Rad8 25. Rde1 Rc7 26. Qe4 Rdd7
1/2-1/2

[Event "BL 8687 Sindelfingen-Bochum"]
[Site "?"]
[Date "1986.??.??"]
[Round "?.5"]
[White "Backwinkel, P."]
[Black "Gruenenwald, J."]
[Result "1-0"]
[WhiteElo "2345"]
[BlackElo "2290"]
[PlyCount "59"]
[EventDate "1986.??.??"]

1. d4 Nf6 2. Nf3 g6 3. Bf4 Bg7 4. e3 d6 5. h3 O-O 6. Be2 c5 7. c3 b6 8. O-O Bb7
9. a4 a6 10. Nbd2 Nbd7 11. Qb1 Qc7 12. Bh2 Rac8 13. Bd3 Rfe8 14. e4 e5 15. dxe5
dxe5 16. Rd1 Nh5 17. Nc4 Rcd8 18. Bc2 Nf4 19. Nd6 Re6 20. Nxb7 Qxb7 21. Bb3 Re7
22. Bc4 Rde8 23. Qa2 Qxe4 24. Bxf7+ Kf8 25. Bxf4 Qxf4 26. Bxe8 Kxe8 27. Qg8+
Nf8 28. Rd6 Rf7 29. Rad1 Ke7 30. Rxb6 1-0

[Event "BL 8687 Sindelfingen-Bochum"]
[Site "?"]
[Date "1986.??.??"]
[Round "?.6"]
[White "Bauer, P."]
[Black "Wiemer, R."]
[Result "1-0"]
[WhiteElo "2310"]
[BlackElo "2325"]
[PlyCount "87"]
[EventDate "1986.??.??"]

1. e4 c5 2. Nf3 d6 3. d4 cxd4 4. Nxd4 Nf6 5. Nc3 Nc6 6. Bc4 Qb6 7. Ndb5 a6 8.
Be3 Qa5 9. Nd4 e6 10. f3 Bd7 11. Bb3 Rc8 12. Qd2 Ne5 13. O-O-O Be7 14. Kb1 b5
15. g4 b4 16. Nce2 d5 17. g5 Nxf3 18. Nxf3 Nxe4 19. Qe1 Bc5 20. Ng3 Bxe3 21.
Qxe3 Qc5 22. Rd4 Nd6 23. Qe5 O-O 24. Nh5 Ne8 25. Rh4 f6 26. gxf6 Nxf6 27. Nd4
Qc7 28. Qg5 Nxh5 29. Qxh5 h6 30. Rg1 Qd8 31. Rhg4 Qf6 32. Rxg7+ Qxg7 33. Rxg7+
Kxg7 34. a4 bxa3 35. Qe5+ Kf7 36. bxa3 Ke7 37. Qg7+ Rf7 38. Qxh6 Rg8 39. Qe3
Rg4 40. Kb2 Re4 41. Qc3 Rf2 42. Qc5+ Ke8 43. Nxe6 Rxh2 44. Qf8# 1-0

[Event "BL 8687 Solingen-Sindelfingen"]
[Site "?"]
[Date "1986.??.??"]
[Round "?.2"]
[White "Short, N."]
[Black "Eppinger, G."]
[Result "1-0"]
[WhiteElo "2615"]
[BlackElo "2335"]
[PlyCount "71"]
[EventDate "1986.??.??"]

1. e4 c5 2. Nf3 Nc6 3. d4 cxd4 4. Nxd4 Nf6 5. Nc3 d6 6. Bg5 e6 7. Qd2 a6 8.
O-O-O h6 9. Be3 Bd7 10. f3 b5 11. h4 Qc7 12. Kb1 Ne5 13. a3 Be7 14. g4 Qb7 15.
Rg1 Rb8 16. Ka1 b4 17. Na2 bxa3 18. b3 Nxf3 19. Nxf3 Qxe4 20. Nh2 O-O 21. g5
Nd5 22. Bd4 hxg5 23. hxg5 Rfc8 24. Bc4 Nb6 25. Qd3 Qxd3 26. Bxd3 Bb5 27. c4 Be8
28. Ng4 Nd7 29. Nf6+ gxf6 30. gxf6+ Kf8 31. fxe7+ Kxe7 32. b4 Nb6 33. c5 Nd5
34. Bxa6 Rc7 35. cxd6+ Kxd6 36. Rge1 1-0